US State Ending Letter Foursomes Quiz Stats

 Plays Quiz Updated Dec 29, 2017

Challenge
Share
Tweet
Embed
Score 0/12 Timer 01:30
4 Plays Today
% Correct
Maine
89.2%
Ohio
87.9%
Oregon
78.2%
Washington
72.6%
Idaho
70.4%
Colorado
66.1%
Michigan
66.1%
New Mexico
64.6%
New Hampshire
62.7%
Delaware
61.2%
Wisconsin
60.8%
Tennessee
60.7%

You're not logged in!

Compare scores with friends on all Sporcle quizzes.
Join for Free
OR
Log In

You Might Also Like...

Show Comments

Extras

Top Quizzes Today


Score Distribution

Your Account Isn't Verified!

In order to create a playlist on Sporcle, you need to verify the email address you used during registration. Go to your Sporcle Settings to finish the process.

Report this User

Report this user for behavior that violates our Community Guidelines.

Details: